都市対抗野球本戦に代表を送り込んだことのある都市 - Statistics

General Stats
  • This quiz has been taken 21 times
  • The average score is 117 of 170
Answer Stats
都道府県・地域 都市名 代表的なチーム % Correct
北海道 札幌市 たくぎん、NTT北海道、JR北海道、サンワード貿易など
100%
神奈川県 川崎市 東芝、日本鋼管、三菱ふそう○○、日本コロムビアなど
100%
神奈川県 横浜市 ENEOS、三菱重工East、全○○、○○金港クラブ
100%
長野県 大町 昭和電工
100%
大阪府 大阪市 日本生命、NTT西日本、大阪ガス、全鐘紡など
100%
北海道 室蘭市 新日鉄○○、日本製鉄○○シャークス
93%
北海道 函館市 大洋倶楽部
93%
北海道 旭川市 ○○鉄道局、全○○
93%
岩手県 盛岡市 ○○鉄道局、岩手銀行、岩手県経済連
93%
宮城県 仙台市 JR東日本東北、NTT東北、七十七銀行、JT
93%
宮城県 石巻市 日本製紙○○
93%
秋田県 にかほ市 TDK(2006-)
93%
山形県 山形市 きらやか銀行、山形ハッピー
93%
福島県 郡山市 ヨークベニマル、今泉産業
93%
福島県 福島市 全○○日東紡、○○倶楽部
93%
茨城県 鹿嶋市 日本製鉄○○(住友金属○○、1996-)
93%
群馬県 太田市 SUBARU(富士重工業)、○○雄飛(1939-)
93%
群馬県 高崎市 高陽倶楽部、○○鉄道局
93%
群馬県 太田町 ○○雄飛(1936)
93%
埼玉県 さいたま市 日本通運(2001-)
93%
千葉県 千葉市 JFE東日本(川崎製鉄○○)、NTT関東(-1995)、専売公社○○
93%
千葉県 君津市 日本製鉄かずさマジック(新日本製鐵○○)
93%
(東京都) 東京都 NTT東日本、熊谷組、JR東日本(○○鉄道局、1946-)、○○ガスなど
93%
東京都 東京市 ○○倶楽部、藤倉電線、○○鉄道局(-1942)
93%
神奈川県 横須賀市 日産自動車
93%
新潟県 新潟市 ○○コンマーシャル、バイタルネット、○○交通、○○鉄道局など
93%
富山県 富山市 北銀クラブ(北陸銀行)、不二越鋼材、○○紡績、全○○など
93%
石川県 金沢市 NTT北陸、西川物産
93%
岐阜県 大垣市 西濃運輸
93%
岐阜県 岐阜市 昭和コンクリート、川島紡績、大日本土木、東洋産業
93%
静岡県 浜松市 ヤマハ、河合楽器
93%
愛知県 名古屋市 JR東海、三菱重工○○、NTT東海、東邦ガスなど
93%
愛知県 岡崎市 三菱自動車○○
93%
三重県 四日市市 東洋紡富田、永和商事ウイング
93%
滋賀県 大津市 東洋レーヨン、晴嵐会
93%
京都府 京都市 日本新薬、大丸、三菱自動車○○、全積水クラブ(積水化学)など
93%
大阪府 堺市 新日鐵○○、NOMOベースボールクラブ
93%
兵庫県 神戸市 三菱重工West、川崎重工、全○○、○○製鋼(-1984)など
93%
兵庫県 姫路市 日本製鉄瀬戸内(新日本製鐵広畑)
93%
和歌山県 和歌山市 住友金属(1965-)
93%
岡山県 倉敷市 JFE西日本(2007-)、川崎製鉄水島、三菱自動車水島
93%
岡山県 岡山市 クラレ○○、倉敷レイヨン、○○鉄道管理局、シティライト○○
93%
広島県 福山市 JFE西日本(NKK)、備後通運
93%
広島県 広島市 JR西日本、三菱重工○○、NTT中国、リースキン(2004)など
93%
香川県 高松市 JR四国、四国電力、琴平電鉄、四国鉄道局
93%
愛媛県 松山市 NTT四国、丸善石油、伊予銀行、○○フェニックスなど
93%
高知県 高知市 四国銀行、○○相互銀行、土佐電鉄
93%
福岡県 北九州市 JR九州、新日鐵八幡
93%
福岡県 福岡市 西部ガス、九州三菱自動車、西日本鉄道、九州鉄道
93%
熊本県 大津町 Honda熊本
93%
北海道 苫小牧市 王子製紙○○
86%
秋田県 秋田市 ○○相互銀行、帝国石油○○
86%
福島県 いわき市 オール常磐(1970)
86%
茨城県 日立市 ○○製作所、日本鉱業○○
86%
茨城県 鹿島町 住友金属○○(-1995)
86%
茨城県 日立町 日立鉱山
86%
栃木県 足利市 全○○クラブ
86%
栃木県 小山市 エイジェック
86%
群馬県 前橋市 大生相互銀行、山藤商店
86%
埼玉県 大宮町 全○○、○○倶楽部
86%
東京都 府中市 東芝○○
86%
富山県 高岡市 伏木海陸運送
86%
長野県 長野市 信越硬式野球クラブ(NTT信越)、○○保線、全○○、○○法規
86%
長野県 松本市 ○○機関庫
86%
愛知県 豊田市 ○○自動車
86%
三重県 鈴鹿市 Honda○○
86%
大阪府 門真市 パナソニック(松下電器、1964-)
86%
大阪府 門真町 松下電器(-1962)
86%
大阪府 吹田町 大阪鉄道局○○(-1936)
86%
大阪府 吹田市 大阪鉄道局○○(1954)
86%
鳥取県 米子市 ○○鉄道管理局
86%
広島県 呉市 全○○、○○海軍廠
86%
広島県 東広島市 伯和ビクトリーズ(2006-)
86%
徳島県 徳島市 全○○、阿波商業銀行、日本通運四国、○○鉄道局
86%
長崎県 長崎市 三菱重工○○
86%
熊本県 熊本市 NTT九州、九州産交、ニコニコドー、○○ゴールデンラークス
86%
大分県 大分市 新日本製鐵○○、○○鉄道管理局
86%
宮崎県 宮崎市 ○○梅田学園
86%
沖縄県 那覇市 オール○○、琉球生命、琉球煙草
86%
北海道 小樽市 ○○野球協会
79%
群馬県 桐生市 全○○、○○織物
79%
埼玉県 浦和市 日本通運(-1999)
79%
埼玉県 大和町 本田技研(-1970)
79%
千葉県 船橋市 NTT関東(1998-)
79%
東京都 調布市 シダックス
79%
東京都 八王子市 リッカーミシン(1959-)、スリーボンド
79%
静岡県 沼津市 ヤオハンジャパン
79%
愛知県 春日井市 王子(王子製紙)
79%
愛知県 豊川市 東海理化(2008-)
79%
三重県 伊勢市 三重交通(1959-)
79%
大阪府 八尾市 ミキハウス(2021-)、天王寺鉄道局
79%
奈良県 大和高田市 ○○クラブ
79%
山口県 下関市 大洋漁業(林兼商店)、全○○
79%
福岡県 八幡市 ○○製鉄(-1955)
79%
長崎県 佐世保市 全○○
79%
大分県 別府市 星野組
79%
鹿児島県 鹿児島市 ○○鉄道局
79%
台湾 台北市 ○○交通団、全○○団、全○○
79%
青森県 青森市 ○○林友
71%
岩手県 花巻市 谷村新興
71%
秋田県 仁賀保町 TDK(-2003)
71%
埼玉県 狭山市 Honda(ホンダ、2004-)
71%
東京都 立川市 ○○AIO、リッカーミシン(1956)
71%
神奈川県 藤沢市 いすゞ自動車(1989-)
71%
静岡県 富士市 大昭和製紙(1968-)、本州製紙
71%
静岡県 清水市 日本軽金属(1951,1972-)
71%
静岡県 磐田市 ヤマハ発動機
71%
京都府 京田辺市 ニチダイ
71%
兵庫県 高砂市 鐘淵化学(鐘化カネカロン、1954-)、三菱重工○○(2015-)
71%
兵庫県 高砂町 鐘淵化学(-1952)
71%
山口県 光市 新日本製鐵○○
71%
山口県 岩国市 東洋紡○○
71%
朝鮮 京城市(京城府) 全○○、竜山鉄道局、○○殖産銀行
71%
栃木県 栃木市 エイジェック(2024)
64%
愛知県 東海市 日本製鉄○○REX(新日鐵名古屋)
64%
広島県 三原市 三菱重工○○
64%
沖縄県 浦添市 沖縄電力
64%
台湾 台南市 ○○州団
64%
岩手県 釜石市 新日鐵○○
57%
福島県 常磐市 ○○炭砿(1958-)、オール○○(1966)
57%
埼玉県 和光市 本田技研(1971-1999)
57%
滋賀県 野洲町 日本IBM○○
57%
兵庫県 加古川市 神戸製鋼(1989-)
57%
山口県 防府市 協和発酵
57%
香川県 丸亀市 大倉工業、南海興業
57%
満州 大連市 満州倶楽部、○○実業団
57%
北海道 白老町 ヴィガ○○(大昭和製紙北海道)
50%
岩手県 矢巾町 岩手21赤べこ野球軍団
50%
千葉県 富里市 ハナマウイ
50%
神奈川県 鎌倉町 ○○老童軍
50%
長野県 佐久市 TDK千曲川
50%
滋賀県 長浜市 大塚産業
50%
福岡県 門司市 ○○鉄道局
50%
福岡県 苅田町 日産自動車九州
50%
栃木県 鹿沼市 古沢建設
43%
長野県 諏訪市 三協精機
43%
岡山県 玉野市 三井造船
43%
山口県 下松市 山門鉄工所
43%
台湾 高雄市 ○○市団
43%
岩手県 金ケ崎町 トヨタ自動車東日本
36%
富山県 上市町 ロキテクノ富山
36%
三重県 宇治山田市 三重交通(-1954)
36%
和歌山県 海南市 ○○日東紡
36%
朝鮮 平壌市(平壌府) ○○鉄道倶楽部
36%
埼玉県 豊岡町 ○○物産、全○○
29%
静岡県 吉原市 大昭和製紙(-1966)
29%
福岡県 大牟田市 東洋高圧○○
29%
兵庫県 伊丹市 小西酒造(1995-)
21%
奈良県 広陵町 ミキハウス(2005)
21%
福岡県 二瀬町 日鉄○○
21%
大分県 佐賀関町 日本鉱業○○
21%
北海道 砂川町 東洋高圧○○(-1960)
14%
北海道 砂川市 東洋高圧○○(1962)
14%
福島県 湯本町 常磐炭砿(1952)
14%
新潟県 青海町 電気化学
14%
静岡県 蒲原町 日本軽金属(1969)
14%
愛知県 西枇杷島町 東海理化(1970)
14%
大阪府 千里村 ○○山鉄道倶楽部
14%
奈良県 八木町 中和クラブ
14%
満州 奉天市 満鉄倶楽部(1935,1942)
14%
満州 新京市 ○○満洲国、○○電電
14%
北海道 羽幌町 ○○炭鉱
7%
福島県 会津坂下町 清峰伸銅
7%
大阪府 庄内町 ○○田村駒(1939)
7%
徳島県 北島町 東邦レーヨン
7%
福岡県 水巻町 日炭高松
7%
佐賀県 大町町 杵島炭鉱
7%
長崎県 鹿町町 日鉄北松
7%
満州 撫順市 満鉄倶楽部(1940)
7%
満州 鞍山市 昭和製鋼
7%
No matching quizzes found
Score Distribution
Percent of People with Each Score
Percentile by Number Answered
Your Score History
You have not taken this quiz